000 00553nam a2200181Ia 4500
005 20250508153745.0
008 008 250505s9999 xx 000 0 eng d
037 _aTextual
040 _aFEDL
_beng
_cFEDL
041 _aeng
_2eng
084 _a371.425, BEL
_qFEDL
100 _aBell Howard M
_9757506
245 0 _aMatching youth and jobs : A study of occupational adjustment
260 _aWashington, USA
_bAmerican Council on Education
_c1940
300 _axiii,277p
942 _cTEXL
_h371.425, BEL
999 _c1345260
_d1345260